Gaming Quiz

Random Gaming or Nintendo Quiz

Castlevania CotM: Abyss Stairway Enemies Quiz Stats

 Plays Quiz not verified by Sporcle

Score 0/7 Timer 00:30
0 Plays Today
% Correct
Slime
86.8%
Axe Armor
81.1%
Skeleton
81.1%
Bone
Head
79.2%
Gargoyle
73.6%
Skeleton
Soldier
73.6%
Gremlin
66%

You're not logged in!

Compare scores with friends on all Sporcle quizzes.
OR
Log In

Sporcle TV

Today on Sporcle TV


Watch our educational content, quiz creation guides, and fun videos on Sporcle TV.

Show Comments

Extras

Top Quizzes Today


Score Distribution

Your Account Isn't Verified!

In order to create a playlist on Sporcle, you need to verify the email address you used during registration. Go to your Sporcle Settings to finish the process.

Report this User

Report this user for behavior that violates our Community Guidelines.

Details: